| 000 | 01335nam a2200349Ia 4500 | ||
|---|---|---|---|
| 001 | ebr10745326 | ||
| 003 | CaPaEBR | ||
| 006 | m o u | ||
| 007 | cr cn||||||||| | ||
| 008 | 020716s2002 cau s 000 0 eng d | ||
| 010 | _z 2002027327 | ||
| 020 | _z0817929924 (alk. paper) | ||
| 020 | _z9780817929923 | ||
| 020 | _z9780817929930 | ||
| 040 |
_aCaPaEBR _cCaPaEBR |
||
| 035 | _a(OCoLC)829713539 | ||
| 050 | 1 | 4 |
_aE839.5 _b.S63 2002eb |
| 082 | 0 | 4 |
_a973.92 _221 |
| 100 | 1 |
_aSowell, Thomas, _d1930- |
|
| 245 | 1 | 0 |
_aControversial essays _h[electronic resource] / _cThomas Sowell. |
| 260 |
_aStanford, CA : _bHoover Institution Press, _c2002. |
||
| 300 | _ax, 321 p. | ||
| 533 |
_aElectronic reproduction. _bPalo Alto, Calif. : _cebrary, _d2013. _nAvailable via World Wide Web. _nAccess may be limited to ebrary affiliated libraries. |
||
| 650 | 0 |
_aAfrican Americans _xSocial conditions _y1975- |
|
| 650 | 0 |
_aMinorities _zUnited States _xSocial conditions. |
|
| 651 | 0 |
_aUnited States _xPolitics and government _y1989- |
|
| 651 | 0 |
_aUnited States _xRace relations. |
|
| 651 | 0 |
_aUnited States _xSocial conditions _y1980- |
|
| 655 | 7 |
_aElectronic books. _2local |
|
| 710 | 2 | _aebrary, Inc. | |
| 856 | 4 | 0 |
_uhttp://site.ebrary.com/lib/rucke/Doc?id=10745326 _zAn electronic book accessible through the World Wide Web; click to view |
| 999 |
_c14606 _d14606 |
||